[Event "V Weekend A"]
[Site "Vignola ITA"]
[Date "2006.11.24"]
[Round "1"]
[White "Cambi, Enrico"]
[Black "Garofalo, Sergio"]
[Result "1/2-1/2"]
[WhiteElo "1473"]
[BlackElo "1815"]
[PlyCount "129"]
[EventDate "2006.11.24"]

1. e4 d5 2. exd5 Nf6 3. d4 Nxd5 4. Nf3 Bf5 5. Bd3 Bg4 6. O-O g6 7. c4 Nb6 8.
Be3 Bg7 9. Be4 c6 10. Na3 O-O 11. h3 Bc8 12. Rc1 f5 13. Bb1 f4 14. Bd2 Na6 15.
Bc3 Bf5 16. Re1 Bxb1 17. Rxb1 h6 18. Qe2 Bf6 19. Rbd1 Na4 20. Nb1 Qc7 21. Qe4
Kg7 22. Ne5 Bxe5 23. Qxe5+ Qxe5 24. Rxe5 Nxc3 25. Nxc3 Rf7 26. Rde1 Re8 27. d5
Nc5 28. R1e2 Nd3 29. Re6 f3 30. Rd2 Nf4 31. Re5 fxg2 32. Re3 cxd5 33. cxd5 e5
34. dxe6 Rxe6 35. Rxe6 Nxh3+ 36. Kxg2 Nf4+ 37. Kg3 Nxe6 38. b3 g5 39. Rd6 Nf4
40. Nd1 h5 41. Ne3 Ne2+ 42. Kg2 Nc3 43. Rd2 Ne4 44. Rc2 Kg6 45. Nd1 g4 46. Re2
Nc5 47. b4 Nd3 48. Re4 Rd7 49. Ne3 Ne1+ 50. Kg3 Nf3 51. a4 Rd4 52. Rxd4 Nxd4
53. Nd5 Nf5+ 54. Kf4 Nd4 55. Ne7+ Kf6 56. Nc8 Ne6+ 57. Kg3 a6 58. Nd6 b6 59.
Nc4 a5 60. bxa5 bxa5 61. Nxa5 Nc5 62. Nc4 Nxa4 63. Kh4 Kg6 64. Ne5+ Kf5 65.
Kxh5 1/2-1/2

[Event "V Weekend A"]
[Site "Vignola ITA"]
[Date "2006.11.24"]
[Round "1"]
[White "Cavazzoni, Carlo Alberto"]
[Black "Del Gaiso, Massimo"]
[Result "1-0"]
[WhiteElo "1798"]
[BlackElo "1458"]
[PlyCount "69"]
[EventDate "2006.11.24"]

1. Nf3 d5 2. c4 c6 3. cxd5 cxd5 4. d4 Nc6 5. Nc3 Bf5 6. Nh4 Bg4 7. h3 Bh5 8. g4
e6 9. Nf3 Bg6 10. a3 h6 11. Bf4 Nf6 12. e3 Ne4 13. Bd3 Be7 14. Ne5 Nxf2 15.
Kxf2 Bh4+ 16. Kg2 Qf6 17. Rf1 h5 18. Bg3 Qg5 19. Bf4 Qf6 20. Bxg6 fxg6 21. Qf3
O-O 22. Nd7 Qe7 23. Nxf8 Rxf8 24. Qe2 hxg4 25. Qxg4 Rf5 26. Bd6 Qxd6 27. Rxf5
gxf5 28. Qxh4 e5 29. dxe5 Nxe5 30. Rd1 Qb6 31. Qf2 Nc4 32. Nxd5 Qxb2 33. Qxb2
Nxb2 34. Rb1 Nc4 35. Rxb7 1-0

[Event "V Weekend A"]
[Site "Vignola ITA"]
[Date "2006.11.24"]
[Round "1"]
[White "De Biaggi, Paolo"]
[Black "Vezzelli, Francesco"]
[Result "1/2-1/2"]
[WhiteElo "1832"]
[BlackElo "1531"]
[PlyCount "28"]
[EventDate "2006.11.24"]

1. e4 e5 2. Nf3 Nc6 3. d4 exd4 4. Nxd4 Bc5 5. Nxc6 Qf6 6. Qd2 dxc6 7. Bd3 Ne7
8. O-O O-O 9. Kh1 Rd8 10. e5 Qxe5 11. Bxh7+ Kxh7 12. Qxd8 Bd6 13. f4 Qe2 14.
Rg1 Bh3 1/2-1/2

[Event "V Weekend A"]
[Site "Vignola ITA"]
[Date "2006.11.24"]
[Round "1"]
[White "Di Trapani, Davide"]
[Black "Ricchi, Luca"]
[Result "0-1"]
[WhiteElo "1580"]
[BlackElo "1969"]
[PlyCount "58"]
[EventDate "2006.11.24"]

1. e4 e6 2. d4 d5 3. Nc3 Bb4 4. Nge2 Nf6 5. Bg5 dxe4 6. a3 Be7 7. Bxf6 Bxf6 8.
Nxe4 Nc6 9. c3 b6 10. N2g3 Bb7 11. Bd3 Be7 12. O-O Qd7 13. Qc2 h5 14. Rfd1 h4
15. Nf1 O-O-O 16. b4 f5 17. Ned2 h3 18. a4 hxg2 19. Ng3 Bd6 20. a5 Bxg3 21.
fxg3 Nxd4 22. Qa4 b5 23. Qa2 Rxh2 24. Kxh2 Rh8+ 25. Kg1 Qd5 26. Nf1 Rh1+ 27.
Kf2 g1=Q+ 28. Ke1 Qe3+ 29. Be2 Nf3# 0-1

[Event "V Weekend A"]
[Site "Vignola ITA"]
[Date "2006.11.24"]
[Round "1"]
[White "Ferretti, Alessandro"]
[Black "Luciani, Valerio"]
[Result "0-1"]
[WhiteElo "1733"]
[BlackElo "2229"]
[PlyCount "46"]
[EventDate "2006.11.24"]

1. e4 d6 2. d4 Nf6 3. Nc3 c6 4. f4 Qa5 5. Bd2 Qb6 6. Bc1 e5 7. Nge2 Nbd7 8. b3
Be7 9. Qd3 O-O 10. Bb2 Re8 11. O-O-O Bf8 12. fxe5 dxe5 13. Ng3 Qxd4 14. Qxd4
exd4 15. Nb1 c5 16. Nd2 Ng4 17. Re1 Bd6 18. Bd3 Ndf6 19. Kb1 Bf4 20. Bc1 Nxh2
21. Nf5 Bxf5 22. exf5 Nhg4 23. Nc4 Bc7 0-1

[Event "V Weekend A"]
[Site "Vignola ITA"]
[Date "2006.11.24"]
[Round "1"]
[White "Grandi, Davide"]
[Black "Vincenzi, Marco"]
[Result "0-1"]
[WhiteElo "1691"]
[BlackElo "2065"]
[PlyCount "82"]
[EventDate "2006.11.24"]

1. c4 Nf6 2. d4 e6 3. Nc3 Bb4 4. Bd2 b6 5. Nf3 Bb7 6. e3 O-O 7. Be2 d6 8. Qc2
Nbd7 9. a3 Bxc3 10. Bxc3 Ne4 11. Bd3 f5 12. O-O-O Ndf6 13. h3 Qe8 14. Rhg1 Nxc3
15. Qxc3 Ne4 16. Qc2 a6 17. Rde1 b5 18. Nd2 Nxd2 19. Qxd2 bxc4 20. Bxc4 Bxg2
21. Rxg2 Qc6 22. Reg1 Qxc4+ 23. Qc2 Qxc2+ 24. Kxc2 Rf7 25. f4 c5 26. dxc5 Rc8
27. b4 dxc5 28. bxc5 Rxc5+ 29. Kb3 Rb7+ 30. Ka2 Rc3 31. Rg3 g6 32. h4 Rc2+ 33.
Ka1 Rh2 34. Rb1 Rxb1+ 35. Kxb1 Rxh4 36. Kc2 Rg4 37. Rh3 h5 38. Kc3 Kf7 39. Kb4
e5 40. Ka5 exf4 41. Kxa6 f3 0-1

[Event "V Weekend A"]
[Site "Vignola ITA"]
[Date "2006.11.24"]
[Round "1"]
[White "Malfagia, Andrea"]
[Black "Barbieri, Giovanni"]
[Result "1-0"]
[WhiteElo "2277"]
[BlackElo "2067"]
[PlyCount "72"]
[EventDate "2006.11.24"]

1. d4 Nf6 2. c4 c5 3. d5 b5 4. cxb5 a6 5. f3 g6 6. e4 d6 7. Nc3 Bg7 8. bxa6 O-O
9. Bg5 Nxa6 10. Qd2 Bd7 11. Bc4 Qb6 12. Nge2 Rfb8 13. Rb1 Rb7 14. O-O Nc7 15.
Kh1 Nb5 16. Bh6 Nd4 17. Bxg7 Kxg7 18. Nxd4 cxd4 19. Ne2 Ra4 20. Bb3 Rb4 21.
Rfd1 d3 22. Qxd3 Bb5 23. Qd2 Bxe2 24. Qxe2 Nd7 25. Rd2 Nc5 26. Bd1 Na4 27. Bxa4
Rxa4 28. b3 Ra8 29. Rc1 Rba7 30. h4 h5 31. Qf2 Qb4 32. Rdc2 Qb5 33. Qd4+ f6 34.
Rf2 Qb7 35. Qc4 Ra5 36. Qc7 Qb4 1-0

[Event "V Weekend A"]
[Site "Vignola ITA"]
[Date "2006.11.24"]
[Round "1"]
[White "Mancini, Andrea"]
[Black "Gandini, Gaudio"]
[Result "0-1"]
[WhiteElo "1553"]
[BlackElo "1879"]
[PlyCount "80"]
[EventDate "2006.11.24"]

1. e4 d6 2. d4 Nf6 3. Nc3 c6 4. f3 Nbd7 5. Be3 e5 6. d5 c5 7. Qd2 a6 8. Nd1 b5
9. c4 b4 10. b3 a5 11. a3 Nb6 12. a4 Be7 13. Bd3 h6 14. Ne2 Nh7 15. Nf2 O-O 16.
Ng3 Qe8 17. O-O-O Nxa4 18. bxa4 Qxa4 19. Qb2 Qe8 20. Kd2 a4 21. Ra1 Bd7 22. Ng4
a3 23. Qa2 Qd8 24. Rhf1 Qa5 25. Ke2 Rfb8 26. Rfb1 Qd8 27. Nf2 Rb7 28. Bc2 Bg5
29. Bxg5 Qxg5 30. Nd1 h5 31. Ne3 g6 32. Kf2 h4 33. Ne2 f5 34. g3 Qh5 35. Ng2
Ng5 36. Nxh4 fxe4 37. fxe4 Rf8+ 38. Ke3 Nf3 39. Rf1 Qg5+ 40. Kd3 Qd2# 0-1

[Event "V Weekend A"]
[Site "Vignola ITA"]
[Date "2006.11.24"]
[Round "1"]
[White "Muccini, Andrea"]
[Black "Panini, Emanuele"]
[Result "0-1"]
[WhiteElo "1599"]
[BlackElo "2009"]
[PlyCount "101"]
[EventDate "2006.11.24"]

1. e4 e5 2. Nc3 Bc5 3. Nf3 d6 4. g3 a6 5. Bg2 Nf6 6. O-O Nc6 7. d3 h6 8. Be3
Ba7 9. d4 exd4 10. Nxd4 Ne5 11. Re1 Nfg4 12. Qe2 Nxe3 13. Qxe3 Nc4 14. Qe2 Ne5
15. Nf5 O-O 16. Kh1 Re8 17. f4 Bxf5 18. exf5 Nc6 19. Qh5 Nd4 20. Bxb7 Nxc2 21.
Rxe8+ Qxe8 22. Rc1 Rb8 23. Be4 Nb4 24. f6 d5 25. Bb1 Qe3 26. Rd1 d4 27. Qg4 g5
28. fxg5 Qxg5 29. Qxg5+ hxg5 30. Ne4 Nd5 31. Nxg5 Nxf6 32. b3 Re8 33. Bd3 Ng4
34. Rf1 f6 35. Ne4 Kg7 36. Rf4 Ne5 37. Bxa6 Ng6 38. Rxf6 Rxe4 39. Rxg6+ Kxg6
40. Bd3 Kf5 41. Kg1 Ke5 42. Bxe4 Kxe4 43. Kf1 Kd3 44. g4 Kc2 45. g5 d3 46. g6
Bd4 47. h4 d2 48. h5 d1=Q+ 49. Kg2 Qxh5 50. g7 Bxg7 51. a4 0-1

[Event "V Weekend A"]
[Site "Vignola ITA"]
[Date "2006.11.24"]
[Round "1"]
[White "Muccini, Maurizio"]
[Black "Bocceda, Carlo"]
[Result "0-1"]
[WhiteElo "1454"]
[BlackElo "1784"]
[PlyCount "48"]
[EventDate "2006.11.24"]

1. e4 d5 2. exd5 Qxd5 3. Nc3 Qd6 4. Nf3 Bg4 5. Be2 Nc6 6. Ne4 Qd5 7. d3 O-O-O
8. O-O Nf6 9. c4 Qd7 10. Nfg5 Bxe2 11. Qxe2 e6 12. Rd1 Nd4 13. Qe3 Ng4 14. Qd2
f6 15. Nh3 Ne5 16. Qe3 Ng4 17. Qd2 Bd6 18. Nxd6+ Qxd6 19. f4 e5 20. Re1 Rhe8
21. fxe5 Rxe5 22. Rxe5 Qxe5 23. Qf4 Qe1+ 24. Qf1 Ne2+ 0-1

[Event "V Weekend A"]
[Site "Vignola ITA"]
[Date "2006.11.24"]
[Round "1"]
[White "Paoli, Walter"]
[Black "Rossi, Aldo Bruno"]
[Result "1/2-1/2"]
[WhiteElo "2012"]
[BlackElo "1601"]
[PlyCount "44"]
[EventDate "2006.11.24"]

1. Nf3 e6 2. d4 d5 3. c3 Nf6 4. Bg5 c5 5. e3 Nc6 6. Nbd2 Be7 7. dxc5 Bxc5 8.
Nb3 Be7 9. Bd3 O-O 10. O-O Qc7 11. Nfd4 a6 12. Bxf6 Bxf6 13. Qh5 g6 14. Qf3 Bg7
15. Nxc6 Qxc6 16. e4 b5 17. Rfe1 Bb7 18. exd5 exd5 19. Re7 Bc8 20. Qe3 Be6 21.
Ra7 Bh6 22. Qd4 Bg7 1/2-1/2

[Event "V Weekend A"]
[Site "Vignola ITA"]
[Date "2006.11.24"]
[Round "1"]
[White "Salvioli, Alessandro"]
[Black "Fragni, Enrico"]
[Result "0-1"]
[WhiteElo "1533"]
[BlackElo "1843"]
[PlyCount "70"]
[EventDate "2006.11.24"]

1. e4 c6 2. d4 d6 3. Nc3 Qc7 4. Be3 e5 5. Nge2 Be7 6. Qd2 Bg4 7. h3 Bh5 8. g4
Bg6 9. Bg2 Nd7 10. O-O-O O-O-O 11. f4 f6 12. Bf1 Nb6 13. Ng3 h6 14. d5 Bf8 15.
Nf5 Be8 16. Be2 g6 17. Ng3 Ne7 18. Rdf1 Bg7 19. f5 Bf7 20. dxc6 bxc6 21. g5
gxf5 22. Nxf5 Nxf5 23. Rxf5 Be6 24. gxf6 Bf8 25. Rf2 h5 26. Rf3 d5 27. Bxb6
axb6 28. Qe1 dxe4 29. Nxe4 Bxa2 30. Rd3 Bh6+ 31. Nd2 e4 32. Ra3 Rxd2 33. Qxd2
Bxd2+ 34. Kxd2 Qf4+ 35. Kd1 Rd8+ 0-1

[Event "V Weekend A"]
[Site "Vignola ITA"]
[Date "2006.11.24"]
[Round "1"]
[White "Sfera, Mattia"]
[Black "Fiorentini, Paolo"]
[Result "1-0"]
[WhiteElo "1927"]
[BlackElo "1578"]
[PlyCount "97"]
[EventDate "2006.11.24"]

1. e4 c5 2. d3 d6 3. g3 g6 4. Bg2 Bg7 5. f4 e6 6. Nf3 Ne7 7. c3 Nbc6 8. O-O Qb6
9. Nbd2 O-O 10. Nc4 Qc7 11. a4 d5 12. Na3 a6 13. e5 Rb8 14. Be3 b6 15. g4 f6
16. exf6 Bxf6 17. d4 c4 18. Ne5 Na5 19. Nc2 Nb3 20. Rb1 Bd7 21. Nb4 Ra8 22. f5
Bxe5 23. dxe5 Qxe5 24. Bf4 Qg7 25. fxe6 Bxe6 26. Nxd5 Rad8 27. Nxe7+ Qxe7 28.
Qe2 Qc5+ 29. Kh1 Rde8 30. Be3 Qe5 31. Rxf8+ Rxf8 32. Re1 Bd5 33. Bxb6 Qxe2 34.
Rxe2 Bxg2+ 35. Kxg2 Nc1 36. Re4 Rb8 37. a5 Rc8 38. Re7 Ra8 39. Bd4 Rb8 40. Bb6
Nd3 41. Ra7 Nxb2 42. Rxa6 Nd1 43. Bd4 Rb3 44. Ra8+ Kf7 45. Ra7+ Ke6 46. Rxh7
Nxc3 47. a6 Nb5 48. a7 Ra3 49. Bc5 1-0

[Event "V Weekend A"]
[Site "Vignola ITA"]
[Date "2006.11.24"]
[Round "1"]
[White "Solinas, Roberto"]
[Black "Rigo, Gianfrancesco"]
[Result "0-1"]
[WhiteElo "1670"]
[BlackElo "2017"]
[PlyCount "126"]
[EventDate "2006.11.24"]

1. d4 d5 2. Nf3 Nf6 3. e3 Bg4 4. c4 dxc4 5. Bxc4 e6 6. Nbd2 c6 7. Qc2 Nbd7 8.
O-O Be7 9. a4 O-O 10. b3 Nb6 11. Bd3 Nbd5 12. Be2 Nb4 13. Qd1 Bf5 14. Ba3 c5
15. Bxb4 cxb4 16. Nh4 Be4 17. Nxe4 Nxe4 18. Nf3 Nc3 19. Qe1 Bd6 20. Bd3 Qf6 21.
Nd2 Qh6 22. f4 Rac8 23. Rf3 f5 24. Rh3 Qf6 25. Nf3 h6 26. Bc4 a6 27. Qh4 b5 28.
axb5 axb5 29. Bd3 Qxh4 30. Nxh4 Ra8 31. Re1 Ra3 32. Ng6 Rf6 33. Ne5 Rxb3 34.
Nd7 Rf7 35. Nc5 Bxc5 36. dxc5 Rc7 37. e4 Rxc5 38. exf5 exf5 39. Rhe3 Ne4 40.
Bxe4 Rxe3 41. Rxe3 fxe4 42. Rxe4 Rc4 43. Re5 Rxf4 44. Rxb5 Kf7 45. g3 Rc4 46.
Kf2 Rc2+ 47. Ke3 Rb2 48. h4 Kf6 49. Kf4 b3 50. g4 g5+ 51. hxg5+ hxg5+ 52. Ke3
Rg2 53. Kf3 Rh2 54. Kg3 Rb2 55. Kf3 Rb1 56. Ke2 b2 57. Kd2 Rg1 58. Rb6+ Ke5 59.
Rb5+ Kf4 60. Rb4+ Kg3 61. Kc2 b1=Q+ 62. Rxb1 Rxb1 63. Kxb1 Kxg4 0-1

[Event "V Weekend A"]
[Site "Vignola ITA"]
[Date "2006.11.25"]
[Round "2"]
[White "Barbieri, Giovanni"]
[Black "Cambi, Enrico"]
[Result "1-0"]
[WhiteElo "2067"]
[BlackElo "1473"]
[PlyCount "101"]
[EventDate "2006.11.24"]

1. e4 e6 2. d4 d5 3. Nc3 Bb4 4. e5 c5 5. a3 Bxc3+ 6. bxc3 Ne7 7. Qg4 O-O 8. Bd3
Ng6 9. Nf3 f5 10. exf6 Rxf6 11. Bg5 Nc6 12. Bxf6 Qxf6 13. Bxg6 Qxg6 14. Qxg6
hxg6 15. Rb1 b6 16. Kd2 Ba6 17. Rhe1 Re8 18. Ne5 Nxe5 19. Rxe5 Rf8 20. Ke3
cxd4+ 21. cxd4 Kf7 22. f3 Rc8 23. Kd2 Rc4 24. Rb4 Rc7 25. f4 Bf1 26. g3 Bh3 27.
Re3 Bf5 28. Rc3 Rb7 29. a4 Ke7 30. a5 b5 31. a6 Rb6 32. Rc7+ Kd6 33. Rxa7 g5
34. Rb3 gxf4 35. gxf4 b4 36. Rb7 Rxa6 37. R3xb4 g6 38. R4b6+ Rxb6 39. Rxb6+ Ke7
40. h4 Kd7 41. c3 Kc7 42. Rb2 Be4 43. Kc1 Bf5 44. Ra2 Kc6 45. Kb2 Kb5 46. Kb3
Bd3 47. Rg2 Bc4+ 48. Kb2 Bf1 49. Rg3 Kc4 50. Rxg6 Bh3 51. h5 1-0

[Event "V Weekend A"]
[Site "Vignola ITA"]
[Date "2006.11.25"]
[Round "2"]
[White "Chiarion, Elisa"]
[Black "Di Trapani, Davide"]
[Result "0-1"]
[WhiteElo "1712"]
[BlackElo "1580"]
[PlyCount "124"]
[EventDate "2006.11.24"]

1. e4 e5 2. Nf3 Nc6 3. Bc4 Bc5 4. c3 Nf6 5. d3 d6 6. h3 h6 7. O-O Be6 8. Bb3
O-O 9. Bc2 Qd7 10. Kh2 Ne7 11. d4 exd4 12. cxd4 Bc4 13. dxc5 Bxf1 14. Qxf1 dxc5
15. Nc3 Ng6 16. e5 Nd5 17. Bxg6 Nxc3 18. Bxf7+ Rxf7 19. bxc3 b5 20. Kg1 Raf8
21. Kh2 b4 22. cxb4 cxb4 23. Qc4 Kh8 24. Be3 Qe8 25. e6 Rf6 26. Bc5 Rg8 27. Re1
Qc6 28. Ne5 Qe8 29. Nf7+ Kh7 30. Qe4+ g6 31. Qh4 g5 32. Qe4+ Rgg6 33. Ne5 Rxe6
34. Qf5 Kg7 35. Nxg6 Rxe1 36. Bf8+ Kg8 37. Ne7+ Rxe7 38. Bxe7 Qxe7 39. Qg6+ Qg7
40. Qe8+ Qf8 41. Qe6+ Qf7 42. Qe2 c5 43. Qb2 a5 44. a3 bxa3 45. Qxa3 Qf4+ 46.
Kg1 Qb4 47. Qa2+ c4 48. Qe2 c3 49. Qe6+ Kg7 50. Qe5+ Kf7 51. Qd5+ Ke7 52. Qe5+
Kd7 53. Qg7+ Kc6 54. Qxh6+ Kb5 55. Qxg5+ Ka4 56. Qc1 Qb2 57. Qf4+ Ka3 58. Qd6+
Ka2 59. Qd5+ Kb1 60. Qe4+ c2 61. f4 a4 62. Kh2 a3 0-1

[Event "V Weekend A"]
[Site "Vignola ITA"]
[Date "2006.11.25"]
[Round "2"]
[White "Del Gaiso, Massimo"]
[Black "Muccini, Andrea"]
[Result "1-0"]
[WhiteElo "1458"]
[BlackElo "1599"]
[PlyCount "55"]
[EventDate "2006.11.24"]

1. e4 d6 2. d4 Nd7 3. Nf3 Ngf6 4. Nc3 g6 5. Bc4 Bg7 6. O-O O-O 7. Bf4 e5 8.
dxe5 dxe5 9. Nxe5 Nxe5 10. Qxd8 Rxd8 11. Bxe5 Rd7 12. Rad1 Re7 13. Rd8+ Ne8 14.
Bxc7 Rxc7 15. Rxe8+ Bf8 16. Bb3 Re7 17. Rxe7 Bxe7 18. Rd1 Bg4 19. Rd3 Bb4 20.
Nd5 Bc5 21. Nf6+ Kg7 22. Nxg4 Re8 23. Rd7 Rxe4 24. Rxf7+ Kh8 25. Ne3 Rd4 26.
Rxb7 Rd2 27. Rc7 Bb6 28. Rc8+ 1-0

[Event "V Weekend A"]
[Site "Vignola ITA"]
[Date "2006.11.25"]
[Round "2"]
[White "Fiorentini, Paolo"]
[Black "Ferretti, Alessandro"]
[Result "0-1"]
[WhiteElo "1578"]
[BlackElo "1733"]
[PlyCount "76"]
[EventDate "2006.11.24"]

1. d4 d5 2. c4 Nc6 3. Nc3 dxc4 4. e3 e5 5. d5 Nb4 6. Bxc4 c6 7. e4 a5 8. a3 Na6
9. a4 Nf6 10. Nge2 Bc5 11. O-O Bd7 12. Be3 Qb6 13. Qd2 O-O 14. h3 Nb4 15. Kh2
Bxe3 16. fxe3 Rad8 17. d6 Be6 18. Bxe6 fxe6 19. Rad1 Ne8 20. d7 Nf6 21. Qd6
Rxd7 22. Qxe6+ Rdf7 23. Rf3 Nc2 24. Rd3 Ne1 25. Rxf6 Nxd3 26. Nd5 Qd8 27. Rxf7
Rxf7 28. Ndc3 Qb6 29. Nd5 Qd8 30. Ndc3 Nxb2 31. Qxe5 Qc7 32. Qxc7 Rxc7 33. Kg3
Nc4 34. Nd1 b5 35. Nd4 Re7 36. Nf2 Nxe3 37. Kf3 Nc4 38. e5 Nxe5+ 0-1

[Event "V Weekend A"]
[Site "Vignola ITA"]
[Date "2006.11.25"]
[Round "2"]
[White "Gandini, Gaudio"]
[Black "Calavalle, Giulio"]
[Result "0-1"]
[WhiteElo "1879"]
[BlackElo "2174"]
[PlyCount "74"]
[EventDate "2006.11.24"]

1. Nf3 f5 2. d3 Nf6 3. g3 g6 4. Bg2 Bg7 5. O-O O-O 6. c3 c6 7. Qb3+ d5 8. Nbd2
Nbd7 9. d4 Kh8 10. Ng5 Nb6 11. f4 h6 12. Ngf3 Ng4 13. Ne5 Bxe5 14. fxe5 Ne3 15.
Rf3 Nbc4 16. Nxc4 dxc4 17. Qb4 Nc2 18. Qxc4 Nxa1 19. Bxh6 Rg8 20. Bg5 Qd5 21.
Qb4 Rg7 22. Bxe7 Nc2 23. Qd6 Qxd6 24. exd6 Ne1 25. Rf4 Nxg2 26. Kxg2 Kg8 27. e4
Be6 28. e5 g5 29. Rf2 g4 30. b3 b5 31. c4 bxc4 32. bxc4 Rb8 33. Rd2 Bxc4 34.
Bf6 Rgb7 35. Kf2 Rb2 36. Ke3 Rxd2 37. Kxd2 Be6 0-1

[Event "V Weekend A"]
[Site "Vignola ITA"]
[Date "2006.11.25"]
[Round "2"]
[White "Garofalo, Sergio"]
[Black "Paoli, Walter"]
[Result "1/2-1/2"]
[WhiteElo "1815"]
[BlackElo "2012"]
[PlyCount "94"]
[EventDate "2006.11.24"]

1. d4 Nf6 2. Nf3 e6 3. Nbd2 d5 4. e3 c5 5. b3 cxd4 6. exd4 Nc6 7. Bb2 Be7 8. a3
O-O 9. Bd3 a6 10. O-O b5 11. b4 Bb7 12. Qe2 Qb6 13. Rad1 a5 14. c3 Ba6 15. Nb3
a4 16. Nc5 Bxc5 17. dxc5 Qb7 18. Bc1 Rfe8 19. Nd4 Nxd4 20. cxd4 Rab8 21. Bf4
Rbc8 22. Be5 Ne4 23. Bxe4 dxe4 24. Rde1 f6 25. Bd6 Qc6 26. Qg4 Bb7 27. f3 f5
28. Qg5 Qd7 29. fxe4 Bxe4 30. Re3 Qd8 31. Qh5 Qd7 32. Rg3 Qf7 33. Qg5 Rcd8 34.
Be5 Rd7 35. Rf4 g6 36. Rh4 Ree7 37. Rf3 Qe8 38. Rh6 Rg7 39. Kf2 Rdf7 40. Bxg7
Rxg7 41. Qf6 Bd5 42. Qe5 Qd8 43. Rc3 Qg5 44. Qb8+ Kf7 45. Qc7+ Kf8 46. Qb8+ Kf7
47. Qc7+ Kf8 1/2-1/2

[Event "V Weekend A"]
[Site "Vignola ITA"]
[Date "2006.11.25"]
[Round "2"]
[White "Gigli, Claudio"]
[Black "Mancini, Andrea"]
[Result "1-0"]
[WhiteElo "1674"]
[BlackElo "1553"]
[PlyCount "69"]
[EventDate "2006.11.24"]

1. d4 d6 2. c4 g6 3. Nc3 Bg7 4. e4 Nf6 5. Nf3 Nbd7 6. Be2 O-O 7. Bg5 c5 8. d5
Ne8 9. Qd2 Nc7 10. Bh6 Rb8 11. h4 a6 12. h5 b5 13. hxg6 fxg6 14. Bxg7 Kxg7 15.
Qh6+ Kf7 16. Qxh7+ Ke8 17. Qxg6+ Rf7 18. Ng5 Ne5 19. Rh8+ Kd7 20. Rxd8+ Kxd8
21. Nxf7+ Nxf7 22. Qxf7 Bd7 23. g4 b4 24. Nd1 Ne8 25. Ne3 Nf6 26. Nf5 Bxf5 27.
exf5 Kd7 28. Qe6+ Kd8 29. g5 Ne8 30. f6 exf6 31. gxf6 Rb7 32. Bg4 Rc7 33. f7
Ng7 34. Qxd6+ Rd7 35. Qxd7# 1-0

[Event "V Weekend A"]
[Site "Vignola ITA"]
[Date "2006.11.25"]
[Round "2"]
[White "Lenti, Cosimo"]
[Black "Solinas, Roberto"]
[Result "0-1"]
[WhiteElo "1460"]
[BlackElo "1670"]
[PlyCount "86"]
[EventDate "2006.11.24"]

1. e4 d6 2. d4 Nf6 3. Nc3 c6 4. Nf3 Bg4 5. Be2 Nbd7 6. e5 dxe5 7. dxe5 Bxf3 8.
exf6 Bxe2 9. fxg7 Bxg7 10. Qxe2 e6 11. O-O Bxc3 12. bxc3 Qf6 13. Rb1 O-O-O 14.
Be3 Qe5 15. Qc4 Qa5 16. Rb4 Nb6 17. Bxb6 axb6 18. Ra4 Qg5 19. Qe4 h5 20. Ra8+
Kc7 21. Rxd8 Rxd8 22. Qf3 Rd7 23. Qg3+ Qxg3 24. fxg3 f5 25. h3 Rd5 26. g4 hxg4
27. hxg4 fxg4 28. Rf4 g3 29. Kf1 Rd2 30. Re4 Rxc2 31. Rxe6 Rxc3 32. Ke2 Rc2+
33. Kf3 Rxa2 34. Kxg3 b5 35. Kf3 b4 36. Re4 c5 37. Rc4 Ra3+ 38. Ke2 b6 39. g4
b3 40. Rc1 Ra2+ 41. Kf3 b2 42. Rb1 c4 43. g5 c3 0-1

[Event "V Weekend A"]
[Site "Vignola ITA"]
[Date "2006.11.25"]
[Round "2"]
[White "Luciani, Valerio"]
[Black "Sfera, Mattia"]
[Result "1-0"]
[WhiteElo "2229"]
[BlackElo "1927"]
[PlyCount "91"]
[EventDate "2006.11.24"]

1. d4 Nf6 2. c4 g6 3. Nc3 Bg7 4. Nf3 O-O 5. g3 d6 6. Bg2 Nc6 7. O-O a6 8. h3
Rb8 9. Be3 b5 10. cxb5 axb5 11. Nd2 Bd7 12. Nde4 Nxe4 13. Nxe4 e5 14. dxe5 Nxe5
15. b3 f5 16. Ng5 Qe7 17. Rc1 h6 18. Nf3 Nxf3+ 19. Bxf3 Be6 20. Rc6 g5 21. Bd4
f4 22. Kh2 fxg3+ 23. fxg3 Qd7 24. Qc2 Rf7 25. Bxg7 Kxg7 26. Bh5 Rxf1 27. Rxc7
Rbf8 28. Rxd7+ Bxd7 29. Qg6+ Kh8 30. Qxh6+ Kg8 31. Qxg5+ Kh8 32. Qh6+ Kg8 33.
Bf3 Bc6 34. Bxc6 R8f2+ 35. Bg2 Rxe2 36. Qg5+ Kf8 37. Qd8+ Kf7 38. Qd7+ Kf8 39.
Qxd6+ Kf7 40. Qd5+ Kf8 41. Qc5+ Kg7 42. Qxb5 Rff2 43. Qb7+ Kg8 44. a4 Rxg2+ 45.
Qxg2 Rxg2+ 46. Kxg2 1-0

[Event "V Weekend A"]
[Site "Vignola ITA"]
[Date "2006.11.25"]
[Round "2"]
[White "Panini, Emanuele"]
[Black "Bocceda, Carlo"]
[Result "1-0"]
[WhiteElo "2009"]
[BlackElo "1784"]
[PlyCount "121"]
[EventDate "2006.11.24"]

1. e4 d5 2. exd5 Qxd5 3. Nc3 Qd6 4. d4 Nf6 5. Nf3 Bg4 6. Be2 Nc6 7. Nb5 Qd7 8.
c3 e6 9. a4 Be7 10. O-O O-O 11. Qd2 Bf5 12. Qd1 a6 13. Na3 Nd5 14. Nc4 Bf6 15.
Bg5 Bxg5 16. Nxg5 Qe7 17. Nf3 Nf4 18. Re1 Nxe2+ 19. Qxe2 Rad8 20. h3 Qf6 21. g4
Bg6 22. Nfe5 Nxe5 23. Nxe5 c5 24. dxc5 Rd5 25. Nxg6 hxg6 26. Rad1 Rfd8 27. Rxd5
Rxd5 28. Qe3 Qd8 29. Kg2 Rd2 30. Re2 Qd5+ 31. f3 Rxe2+ 32. Qxe2 Qxc5 33. Qd2
Qd5 34. Qxd5 exd5 35. Kf2 Kf8 36. Ke3 Ke7 37. Kd4 Kd6 38. g5 b6 39. f4 f6 40.
b4 Ke6 41. a5 bxa5 42. bxa5 Kd6 43. Ke3 Kc5 44. Kd3 Kc6 45. Kd4 Kd6 46. f5 gxf5
47. g6 f4 48. h4 f3 49. Ke3 Ke5 50. Kxf3 Kf5 51. Ke3 Kxg6 52. Kd4 Kf7 53. Kxd5
Ke7 54. h5 Kd7 55. c4 Kc7 56. Ke6 Kc6 57. Kf5 Kc5 58. Kg6 Kxc4 59. Kxg7 f5 60.
h6 f4 61. h7 1-0

[Event "V Weekend A"]
[Site "Vignola ITA"]
[Date "2006.11.25"]
[Round "2"]
[White "Pazzini, Elia"]
[Black "Salvioli, Alessandro"]
[Result "1/2-1/2"]
[WhiteElo "1641"]
[BlackElo "1533"]
[PlyCount "74"]
[EventDate "2006.11.24"]

1. e4 c5 2. Nc3 Nc6 3. g3 d6 4. Bg2 Nf6 5. d3 Bd7 6. h3 g6 7. Be3 a6 8. Qd2 Bg7
9. Bh6 Bxh6 10. Qxh6 Qb6 11. O-O-O O-O-O 12. Qe3 Ne8 13. Nge2 Nd4 14. Nd5 Qa5
15. Nxe7+ Kb8 16. Kb1 Be6 17. Nd5 Bxd5 18. exd5 Nxe2 19. Qxe2 Nc7 20. Qd2 Qb6
21. c4 a5 22. Rhe1 Rhe8 23. Rxe8 Rxe8 24. Re1 Rxe1+ 25. Qxe1 a4 26. Qe7 a3 27.
b3 Qa5 28. Kc2 Na6 29. Qe2 Nb4+ 30. Kb1 Qd8 31. d4 cxd4 32. Qd2 Qb6 33. Bf1 Ka7
34. Bd3 f5 35. Kc1 Qa5 36. Kd1 Kb6 37. Ke2 Kc5 1/2-1/2

[Event "V Weekend A"]
[Site "Vignola ITA"]
[Date "2006.11.25"]
[Round "2"]
[White "Pelliconi, Vanes"]
[Black "Buriani, Andrea"]
[Result "0-1"]
[WhiteElo "1542"]
[BlackElo "2014"]
[PlyCount "24"]
[EventDate "2006.11.24"]

1. d4 d5 2. Nf3 Nf6 3. c4 c6 4. Qb3 dxc4 5. Qxc4 Bf5 6. Bf4 e6 7. Nbd2 Nbd7 8.
e3 Qa5 9. a3 Nb6 10. Qb3 Ne4 11. Be2 g5 12. Bxg5 Bg4 0-1

[Event "V Weekend A"]
[Site "Vignola ITA"]
[Date "2006.11.25"]
[Round "2"]
[White "Prisco, Lorenzo"]
[Black "Arnetta, Marianna"]
[Result "0-1"]
[WhiteElo "1452"]
[BlackElo "2054"]
[PlyCount "79"]
[EventDate "2006.11.24"]

1. e4 e6 2. Nf3 d5 3. exd5 exd5 4. d4 Bg4 5. h3 Bh5 6. Be2 Bd6 7. Nc3 c6 8. Ne5
Bxe2 9. Qxe2 Ne7 10. Qg4 Ng6 11. Bg5 Qc7 12. Nxg6 hxg6 13. O-O-O O-O 14. h4 Qd7
15. Qxd7 Nxd7 16. h5 gxh5 17. Rxh5 Rfe8 18. Rdh1 f6 19. Be3 Nf8 20. g4 Ne6 21.
Ne2 Kf7 22. Kd2 Re7 23. f4 Rae8 24. Rh8 Nxd4 25. Rxe8 Nf3+ 26. Kd3 Rxe8 27. Ng3
d4 28. Nf5 Bc7 29. Bf2 Bxf4 30. Rh7 Rg8 31. Ke4 Ng5+ 32. Kxf4 Nxh7 33. Bxd4 Ng5
34. Nd6+ Ke7 35. Bxa7 Kxd6 36. b4 Kd5 37. a4 Ra8 38. Bc5 Ne6+ 39. Kf5 Nxc5 40.
bxc5 0-1

[Event "V Weekend A"]
[Site "Vignola ITA"]
[Date "2006.11.25"]
[Round "2"]
[White "Ravazzini, Luca"]
[Black "Grandi, Davide"]
[Result "1/2-1/2"]
[WhiteElo "1569"]
[BlackElo "1691"]
[PlyCount "71"]
[EventDate "2006.11.24"]

1. e4 c5 2. Nf3 Nc6 3. d4 cxd4 4. Nxd4 Nf6 5. Nc3 g6 6. Be3 d6 7. f3 Bg7 8.
Nxc6 bxc6 9. Be2 O-O 10. O-O a5 11. Na4 c5 12. c4 Nd7 13. Qd2 Re8 14. Rab1 Ne5
15. Nc3 Be6 16. Nd5 Nc6 17. a3 Nd4 18. Nc3 Nxe2+ 19. Qxe2 Rb8 20. Nb5 Qc8 21.
Qc2 f5 22. Bd2 Ra8 23. a4 Rf8 24. b3 Qb7 25. Rfe1 Bd7 26. Bc3 Bxc3 27. Qxc3
Bxb5 28. cxb5 Qb6 29. Qc4+ Kg7 30. Kh1 e5 31. Qd5 Rae8 32. Qd1 Rf6 33. Qd2 Ref8
34. exf5 gxf5 35. Qf2 f4 36. Re4 1/2-1/2